000
00305nam a22001217a 4500
008
160512b xxu||||| |||| 00| 0 eng d
020
_a
9780683307467
020
_a
0683307460
041
_a
eng
080
_a
616.12
245
_a
Practical electical electrocardiography:
_c
Galen S. Wagner;
942
_2
udc
_c
BK
999
_c
2098
_d
2098